Shortest Words - D - Statistics

General Stats
  • This quiz has been taken 64 times
  • The average score is 51 of 59
Answer Stats
Answer % Correct
do
100%
da
98%
de
98%
din
95%
dab
93%
dad
93%
die
93%
dom
93%
dag
91%
dam
91%
day
91%
did
91%
dig
91%
dim
91%
doe
91%
dog
91%
don
91%
dot
91%
dal
90%
dan
90%
dap
90%
dee
90%
dif
90%
dip
90%
daw
88%
deb
88%
den
88%
dib
88%
dit
88%
dol
88%
dum
88%
dak
86%
dew
86%
dor
86%
dah
84%
das
84%
def
84%
del
84%
dep
84%
dex
84%
dis
84%
dos
84%
dow
84%
dox
84%
dub
84%
dun
84%
dey
83%
doc
83%
doh
83%
dud
83%
due
83%
dug
83%
dup
83%
dev
79%
duh
79%
duo
78%
dui
76%
dye
74%
dry
60%
No matching quizzes found
Score Distribution
Percent of People with Each Score
Percentile by Number Answered
Your Score History
You have not taken this quiz